000 00402nam a2200133Ia 4500
008 151001s9999||||xx |||||||||||||| ||und||
100 _aहिराकांत कलगुटकर
245 _aसंसार हा सुखाचा
250 _a1
260 _bमॅजेस्टीक प्रकाशन मुंबई
260 _c1971
300 _a97
365 _b18
999 _c981668
_d981665